Places Humans Have Touched - Statistics

General Stats
  • This quiz has been taken 28 times
  • The average score is 6 of 16
Answer Stats
Answer % Correct
The Moon
92%
Earth
85%
Mars
81%
Mercury
77%
Venus
77%
Jupiter
69%
Saturn
65%
Titan
31%
162173 Ryugu
4%
25143 Itokawa
4%
443 Eros
4%
67P/Churyumov—Gerasimenko
4%
Tempel 1
4%
101955 Bennu
0%
Voyager 1
0%
Voyager 2
0%
No matching quizzes found
Score Distribution
Percent of People with Each Score
Percentile by Number Answered
Your Score History
You have not taken this quiz